Les 10 pays avec le plus gros PIB en 2022 - Statistiques

Statistiques générales
  • Ce quiz a été pris 265 fois
  • Le résultat moyen est 9 sur 10
Statistiques - réponses
Hint Réponse % Correct
2 Etats-Unis
100%
10 France
99%
1 Chine
98%
6 Allemagne
94%
4 Japon
93%
7 Russie
93%
3 Inde
91%
9 Royaume-Uni
89%
5 Brésil
86%
8 Indonésie
56%
Aucun quiz correspondant
Distribution des résultats
% des personnes avec chaque résultat
Percentile par nombre de réponses
Votre historique - résultats
Vous n’avez pas pris ce quiz